000 00298nam a22001337a 4500
008 180904b xxu||||| |||| 00| 0 eng d
020 _a9780838581742
041 _aeng
080 _a610.73
100 _a2
101 _aINF
245 _aPhoto Guide Nursing Skills
_cSmith, S.F
942 _2udc
_cBK
999 _c47505
_d47505